Statistics for People by Picture - H

Click here to take the quiz!

General Stats

  • This quiz has been taken 300 times
  • The average score is 10 of 18

Answer Stats

Answer% Correct
Hillary Clinton
97%
King Henry VIII
87%
Harrison Ford
85%
Harry Styles
78%
Hugh Jackman
75%
Harry Houdini
75%
Hulk Hogan
73%
Hugh Grant
73%
Halle Berry
71%
Hirohito
59%
Helena Bonham Carter
58%
Homer
48%
Henry Ford
43%
Herbert Hoover
33%
Hermann Göring
19%
Helen Stephens
12%
Hans Christian Andersen
7%
Herman Melville
6%

Score Distribution

Percentile by Number Answered

Percent of People with Each Score

Your Score History

You have not taken this quiz